000 00728nam a2200265Ia 4500
005 20260121165628.0
008 008 260114s9999 xx 000 0 eng d
020 _a9783319572857
037 _aEBOOK
040 _aCRL
040 _beng
040 _cCRL
041 _2eng
041 _aeng
084 _qCRL
100 _aReyhan Aydo?an, Tim Baarslag, Enrico Gerding, Catholijn M. Jonker, Vicente Julian, Victor Sanchez-Anguix
_91054092
245 0 _aConflict Resolution in Decision Making
260 _bSpringer
260 _bSpringer
260 _c2017
856 _uhttps://link.springer.com/openurl?genre=book&isbn=978-3-319-57285-7
942 _cEBOOK
999 _c1619818
_d1619818